00814nam a2200217Ia 4500001000900000003000500009008004100014010001100055040000900066100003100075245019700106260006600303300002300369410003600392650001200428650002200440700000500462700003400467700003300501710006200534Para_305CHAP220125s1993 xx 000 0 und d a199060 cCHAP aAyala Sánchez, Alejandro aPasto insurgente nueva opción para alto rendimiento y calidad forrajera para la ganadería de Yucatán /c por Alejandro Ayala Sánchez, Jorge A. Basulto Graniel y Wilson I. Aviles Baeza aMérida, Yuc. :b INIFAP. Campo Experimental Zona Henequera a1 hoja desplegable adesplegable para productores; 3 aPastos  aPastos Forrajeros a aI. Basulto Graniel, Jorge A.  aII. Aviles Baeza, Wilson I.  aIII. INIFAP. México. Centro Experimental Zona Henequera